| 000 | 00587nam a2200205 a 4500 | ||
|---|---|---|---|
| 001 | 1319 | ||
| 003 | CDMR | ||
| 005 | 20151030104202.0 | ||
| 008 | 130130s1988||||||||||||||||||||||||||||d | ||
| 020 | _a8428316449 | ||
| 040 |
_aCDMR _bcat _cCDMR |
||
| 100 | 1 |
_aMota, Ignacio Hilario de la _9570 |
|
| 245 | 1 | 0 |
_aFunción social de la información _cIgnacio h. de la Mota |
| 260 |
_aMadrid _c1988 _bParaninfo |
||
| 300 | _a324 p. | ||
| 650 | 0 | 4 |
_94289 _aComunicació _xAspectes socials |
| 650 | 0 | 4 |
_9405 _aMitjans de comunicació de massa |
| 650 | 0 | 4 |
_9388 _aComunicació humana |
| 942 |
_cMON _2udc |
||
| 999 |
_c1319 _d1319 |
||